Kaikki Amerikan liput - Äkkikuolema - Statistics

Yleistilastot
  • Tätä visaa on pelattu 2 266 kertaa
  • Keskiarvotulos 18 / 35
Answers on the Grid
Answers color-coded by a green-red scale on the quiz's grid according to % correct below.
 
Vastaustilastot
Vastaus % Oikein
Yhdysvallat
97%
Venezuela
83%
Uruguay
79%
Panama
77%
Argentiina
75%
Kanada
75%
Ecuador
74%
Dominikaaninen tasavalta
72%
Brasilia
66%
Jamaika
65%
Meksiko
61%
Kuuba
58%
Saint Lucia
57%
Chile
57%
Kolumbia
56%
El Salvador
54%
Honduras
53%
Guatemala
52%
Barbados
49%
Haiti
45%
Paraguay
43%
Peru
42%
Nicaragua
42%
Antigua ja Barbuda
40%
Trinidad ja Tobago
40%
Belize
39%
Bahama
37%
Bolivia
35%
Costa Rica
35%
Guyana
34%
Saint Vincent ja Grenadiinit
34%
Dominica
33%
Grenada
31%
Suriname
30%
Saint Kitts ja Nevis
28%
Ehtoja vastaavia visoja ei löytynyt
Tulosjakauma
Jokaisen tuloksen saaneiden osuus
Persentiili vastausten määrän mukaan
Tuloshistoriasi
Et ole pelannut tätä visaa